Tendencias en la historia electoral municipal costarricense 1953-2002 /

Se presenta un estudio sobre las tendencias en la historia electoral municipal que va desde 1953 hasta el 2002. Se incluye una sistematización de la información que permite hacerse una idea del comportamiento electoral que han tenido las localidades en los últimos cincuenta años, así como la línea d...

Descrizione completa

Salvato in:
Dettagli Bibliografici
Autore principale: Alfaro Redondo, Ronald
Altri autori: Zeledón Torres, Fernando
Natura: testo
Soggetti:
Tags: Aggiungi Tag
Nessun Tag, puoi essere il primo ad aggiungerne!!

MARC

LEADER 00000 a a2200000 04500
001 43301
003
040
100 |a Alfaro Redondo, Ronald  
245 |a Tendencias en la historia electoral municipal costarricense 1953-2002 /  |c Ronald Alfaro Redondo ; Fernando Zeledón Torres  
520 |a Se presenta un estudio sobre las tendencias en la historia electoral municipal que va desde 1953 hasta el 2002. Se incluye una sistematización de la información que permite hacerse una idea del comportamiento electoral que han tenido las localidades en los últimos cincuenta años, así como la línea de ascenso que han mostrado los micropartidos.  
590 |a RRA/JUNIO2012  
650 |a 1.PARTIDOS POLITICOS  
650 |a 2.PLANO LOCAL  
650 |a 3.ELECCIONES  
650 |a 4.ANALISIS HISTORICO  
650 |a 5.VOTACION  
650 |a 6.COSTA RICA  
700 |a Zeledón Torres, Fernando  
773 |g páginas 93-135 : tablas, gráficos  
999 |c 29186  |d 29186 
773 0 |0 6376  |9 703  |a Rivera A., Roy   |d San José, Costa Rica : FLACSO   |o 08637  |t Los partidos locales y la democracia en los microterritorios de Costa Rica:   |w (cru CIDCACS/IIS)43299  |z 9977-68-135-X